000 00883nam a22002417a 4500
008 081120t xxu||||| |||| 00| 0 eng d
010 _aENG-91710
020 _a9788175347007
_c295.00
035 _aEN-75243
037 _bDBAD / PUB
040 _adpl
_bEnglish
082 _a340.02
100 _aIyer, V.R. Krishna
245 _aLaw & life /
_cby V.R. Krishna Iyer
260 _aDelhi
_bUniversal Law Publishing
_c2008
270 _aC-FF-1A, Dilkhush Industrial Estate, (Opp, Hans Cinema, Azadpur) GT. Karnal Road,,
_bDelhi
_e110033
300 _avii, 228
_c23cm (Hb)
500 _aIncludes index
650 _aLaw
650 _aLawyers
942 _2ddc
_cEN
_mIYE
_h340.02
999 _c18883
_d18883